Teori dan teknik ucapan berpengaruh / (Record no. 4021)

000 -LEADER
fixed length control field nam a22 a 4500
003 - CONTROL NUMBER IDENTIFIER
control field AKMAL
005 - DATE AND TIME OF LATEST TRANSACTION
control field 20170524160240.0
008 - FIXED-LENGTH DATA ELEMENTS--GENERAL INFORMATION
fixed length control field 170524s2000 my 00 may d
020 ## - INTERNATIONAL STANDARD BOOK NUMBER
International Standard Book Number 9832311128 (kkt.):
Terms of availability RM 16.00
040 ## - CATALOGING SOURCE
Original cataloging agency AKMAL
Transcribing agency AKMAL
082 04 - DEWEY DECIMAL CLASSIFICATION NUMBER
Classification number 808.51 ABD
Edition number 21
090 ## - LOCALLY ASSIGNED LC-TYPE CALL NUMBER (OCLC); LOCAL CALL NUMBER (RLIN)
Classification number (OCLC) (R) ; Classification number, CALL (RLIN) (NR) 808.51
Local cutter number (OCLC) ; Book number/undivided call number, CALL (RLIN) ABD
100 0# - MAIN ENTRY--PERSONAL NAME
Personal name Abdullah Hassan,
Dates associated with a name 1942-
9 (RLIN) 341
245 10 - TITLE STATEMENT
Title Teori dan teknik ucapan berpengaruh /
Statement of responsibility, etc. Abdullah Hassan, Ainon Mohd.
260 ## - PUBLICATION, DISTRIBUTION, ETC.
Place of publication, distribution, etc. Kuala Lumpur :
Name of publisher, distributor, etc. PTS Publications and Distributors,
Date of publication, distribution, etc. 2000
300 00 - PHYSICAL DESCRIPTION
Extent vii, 145ms. ;
Dimensions 22cm
504 ## - BIBLIOGRAPHY, ETC. NOTE
Bibliography, etc. note Bibliografi: ms. 137-145
650 #0 - SUBJECT ADDED ENTRY--TOPICAL TERM
Topical term or geographic name entry element Oral communication
9 (RLIN) 684
650 #0 - SUBJECT ADDED ENTRY--TOPICAL TERM
Topical term or geographic name entry element Public speaking
9 (RLIN) 488
650 #0 - SUBJECT ADDED ENTRY--TOPICAL TERM
Topical term or geographic name entry element Siri komunikasi
9 (RLIN) 7880
700 0# - ADDED ENTRY--PERSONAL NAME
Personal name Ainon Muhammad,
Dates associated with a name 1950-
9 (RLIN) 343
942 ## - ADDED ENTRY ELEMENTS (KOHA)
Source of classification or shelving scheme
Koha item type Book
Holdings
Withdrawn status Lost status Source of classification or shelving scheme Damaged status Not for loan Collection code Home library Current library Shelving location Date acquired Inventory number Total Checkouts Full call number Barcode Date last seen Price effective from Koha item type Date last checked out
          NON-FICTION AKMAL Melaka AKMAL Melaka PINJAMAN 24.05.2017 800542   808.51 ABD 201705066 24.05.2017 24.05.2017 Book  
          NON-FICTION AKMAL Melaka AKMAL Melaka PINJAMAN 24.05.2017 800541 2 808.51 ABD 201705065 02.08.2019 24.05.2017 Book 19.07.2019
          NON-FICTION AKMAL Melaka AKMAL Melaka PINJAMAN 24.05.2017 800541 1 302.2242 ABD 201707385 31.03.2023 24.05.2017 Book 29.03.2023
Pusat Sumber Maklumat Dato' Haji Sarmin Md Hussin, Akademi Kastam Diraja Malaysia, Melaka
Tel: 06-2331106 | Faks: 06-2313787